| 000 | 00695cam a22002412 4500 | ||
|---|---|---|---|
| 001 | 0000002922 | ||
| 005 | 20151217151908.0 | ||
| 008 | 070423s xx 000 0 eng d | ||
| 020 |
_a0201847590 : _cKES 600 |
||
| 040 |
_aKABU _cKABU |
||
| 050 | 0 |
_aHG173 _b.H83 1997 |
|
| 100 | 1 |
_aHubbard, R Glenn. _@0000152426 |
|
| 245 | 1 | 0 | _aMoney, the financial System and the economy. |
| 250 | _a2nd ed. | ||
| 260 |
_aReading, MA : _bAddison Wesley, _c1997. |
||
| 300 | _axxxiii, 759 p. | ||
| 650 | 0 |
_aFinance. _@0000148330 |
|
| 650 | 0 |
_aMoney. _@0000152427 |
|
| 650 | 0 |
_aBanks and Banking. _@0000152428 |
|
| 908 | _a070423 | ||
| 950 | _@1 | ||
| 999 |
_c6109 _d6109 |
||